| 000 | 00472nam a2200145Ia 4500 | ||
|---|---|---|---|
| 008 | 231129s1996||||xx |||||||||||||| ||spa|| | ||
| 020 | _a84-283-2253-8 | ||
| 040 | _bspa | ||
| 082 | _a621.31924 L182i | ||
| 100 | _aLagunas Marqués íngel | ||
| 245 | 0 | _aInstalaciones eléctricas de baja tensión en edificios de viviendas: cálculos eléctricos y esquemas unifilares | |
| 260 | _c1996 | ||
| 264 | _aParaninfo | ||
| 942 |
_2ddc _cBKS |
||
| 999 |
_c15738 _d15738 |
||